Score 0/16 Timer 02:00
0 Plays Today
Clue 6-Letter Word % Correct
A cup o' JoeCOFFEE
95.6%
The person in first placeWINNER
82.2%
A hard candy made from sugar and [Last Rung]TOFFEE
79.3%
A person who must atoneSINNER
69.6%
'South Park: Bigger, ___ & Uncut'LONGER
53.1%
Tarry or stay behindLINGER
49.2%
A chest or strongbox for moneyCOFFER
49.2%
Belvedere or Rogers, of TVMISTER
48.9%
Clue 6-Letter Word % Correct
Heavy metal singers of 'Seventeen'WINGER
44.4%
She will have nun of that!SISTER
43.6%
Compare ones views with othersCONFER
37.7%
Fuse together by heating without meltingSINTER
35.8%
Summon or congregateMUSTER
35.2%
A type of eelCONGER
32.7%
Grumble or murmur angrilyMUTTER
28.7%
Along with sugar, the other ingredient in [First Rung]BUTTER
27.5%

Today's Daily Dose

Missing Word
'T' Pairs

Word Ladder
Game Pieces

Get the Picture
Baseball Movies

Remove Ads.
Support Sporcle.
Get the best of Sporcle when you Go Orange. This ad-free experience offers more features, more stats, and more fun while also helping to support Sporcle. Thank you for becoming a member.

You're not logged in!

Compare scores with friends on all Sporcle quizzes.
OR
Log In

Show Comments

Extras

Top Quizzes Today


Score Distribution

Your Account Isn't Verified!

In order to create a playlist on Sporcle, you need to verify the email address you used during registration. Go to your Sporcle Settings to finish the process.

Report this User

Report this user for behavior that violates our Community Guidelines.

Details: